What is total quality control? : the Japanese way
Αποθηκεύτηκε σε:
| Κύριος συγγραφέας: | |
|---|---|
| Άλλοι συγγραφείς: | |
| Μορφή: | Βιβλίο |
| Γλώσσα: | English Japanese |
| Δημοσίευση: |
Englewood Cliffs, N.J. :
Prentice-Hall, Inc.,
c1985.
|
| Σειρά: | Prentice Hall business classics
|
| Θέματα: | |
| Ετικέτες: |
Προσθήκη ετικέτας
Δεν υπάρχουν, Καταχωρήστε ετικέτα πρώτοι!
|
MARC
| LEADER | 00000cam a2200000 i 4500 | ||
|---|---|---|---|
| 001 | 1/57675 | ||
| 008 | 020122s1985 nju| ||| |||| ||eng|| | ||
| 020 | |a 013952441X (pbk.) | ||
| 035 | |l 10000198 | ||
| 040 | |a GR-MyUA |b gre |e AACR2 | ||
| 041 | 1 | |a eng |h jpn | |
| 082 | 0 | |a 658.562 | |
| 100 | 1 | |a Ishikawa, Kaoru, |d 1915-1989. | |
| 245 | 1 | 0 | |a What is total quality control? : |b the Japanese way / |c Kaora Ishikawa ; translated by David J. Lu. |
| 260 | |a Englewood Cliffs, N.J. : |b Prentice-Hall, Inc., |c c1985. | ||
| 300 | |a xiv, 215 σ. | ||
| 490 | 1 | |a (Prentice Hall business classics) | |
| 500 | |a Τίτλος πρωτοτύπου: TQC towa Nanika Nipponteki Hinshitsu Kanri. | ||
| 504 | |a Περιέχει ευρετήριο. | ||
| 650 | 0 | 0 | |a Quality control |z Japan. |
| 700 | 1 | |a Lu, David John, |d 1928- |e trl | |
| 830 | 0 | |a Prentice Hall business classics | |
| 852 | |a INST |b CHIOS |e 20020122 |h 658.562 ISH |p 005200020270 |q 005200020270 |t BK |y 0 | ||
| 852 | |a INST |b CHIOS |e 20020122 |h 658.562 ISH |p 005200020271 |q 005200020271 |t BK |y 0 | ||
| 852 | |a INST |b CHIOS |e 20020122 |h 658.562 ISH |p 005200020272 |q 005200020272 |t BK |y 0 | ||
| 852 | |a INST |b CHIOS |e 20020122 |h 658.562 ISH |p 005200020273 |q 005200020273 |t BK |y 0 | ||
| 901 | |a BIBL2-2002-1 | ||
| 909 | |a Χ |b 098840 | ||
| 909 | |a Χ |b 098838 | ||
| 909 | |a Χ |b 098839 | ||
| 909 | |a Χ |b 098837 | ||
| 970 | |a ΣΑΛΑΜΟΥΡΑ |b ΜΑΡΙΑ |z 2002/01/22 | ||